| 000 | 00630nam a2200193Ia 4500 | ||
|---|---|---|---|
| 003 | GCL | ||
| 005 | 20240530102535.0 | ||
| 008 | 140319s9999 xx 000 0 ara d | ||
| 040 |
_aGCL / _cGCL |
||
| 082 | 0 | 4 |
_a301.4314 _bم و |
| 100 | _aا | ||
| 245 | 1 | 0 | _a التقرير الاحصائى السنوى واقع الطفل العربى -2002 |
| 260 |
_aالقاهرة : _bالمجلس العربى للطفولة والتنمية ، _c2003 |
||
| 300 |
_a174 ص ؛ _c24 سم |
||
| 650 | 0 | 4 | _aتعليم الاطفال |
| 650 | 0 | 4 | _aالاحصاء |
| 650 | 0 | 4 | _aالاطفال - العناية الصحية |
| 942 |
_2ddc _cBK |
||
| 999 |
_c32923 _d32923 |
||